| 000 | 01362cam a22002891i 4500 | ||
|---|---|---|---|
| 003 | SA-RiAUC | ||
| 005 | 20250305203439.0 | ||
| 008 | 250304s1976 ti g b 00000 ara c | ||
| 040 |
_aSA-JeALM _bara _cSA-RiAUC _erda |
||
| 082 | 0 | 4 |
_a811.1 _qSA-RiAUC |
| 090 |
_a811.1 _bن ا ب |
||
| 100 | 1 |
_aالنابغة الذبياني، زياد بن معاوية بن ضباب، _dتوفي حوالي 18 قبل الهجرة _eمؤلف. |
|
| 245 | 1 | 0 |
_aديوان النابغة الذبياني / _cجمعه وشرحه وكمله وعلق عليه محمد الطاهر بن عاشور. |
| 250 | _aالطبعة الأولى، مراجعة ومنقحة ومكملة. | ||
| 264 | 1 |
_aتونس : _bالشركة التونسية للتوزيع، _c1976 |
|
| 300 |
_a268 صفحة ؛ _c24 سم |
||
| 336 |
_aنص _btxt _2rdacontent _3كتاب |
||
| 337 |
_aبدون وسيط _bn _2rdamedia |
||
| 338 |
_aمجلد _bnc _2rdacarrier |
||
| 500 | _aإهداء من حفيد الشيخ محمد الطاهر ابن عاشور. | ||
| 504 | _aيشتمل على إرجاعات ببليوجرافية. | ||
| 590 | _aعمر. | ||
| 650 | 7 |
_aالشعر العربي _xتاريخ ونقد _yالعصر الجاهلي _2aucsh |
|
| 700 | 1 |
_aبن عاشور، محمد الطاهر، _d1296-1393 هجري _eجامع. |
|
| 942 |
_2ddc _cBOOK _n0 |
||
| 949 |
_aSA-JeALM _d250304 _umohamedma123 _n1 |
||
| 999 |
_c6288 _d6288 |
||